Montezemolo ... (Record no. 1340)

MARC details
000 -LEADER
fixed length control field 00589cam a22002051 4500
001 - CONTROL NUMBER
control field af 47001672
003 - CONTROL NUMBER IDENTIFIER
control field DLC
005 - DATE AND TIME OF LATEST TRANSACTION
control field 20260227110809.0
008 - FIXED-LENGTH DATA ELEMENTS--GENERAL INFORMATION
fixed length control field 911115s1945 it c 000 0 ita c
010 ## - LIBRARY OF CONGRESS CONTROL NUMBER
LC control number af 47001672
035 ## - SYSTEM CONTROL NUMBER
System control number (OCoLC)24790823
040 ## - CATALOGING SOURCE
Original cataloging agency Harvard univ. Library
Transcribing agency CU
Modifying agency DLC
042 ## - AUTHENTICATION CODE
Authentication code premarc
050 00 - LIBRARY OF CONGRESS CALL NUMBER
Classification number DG575.C58
Item number C3
100 1# - MAIN ENTRY--PERSONAL NAME
Personal name Catanzaro, Giuseppe Maria.
245 00 - TITLE STATEMENT
Title Montezemolo ...
260 ## - PUBLICATION, DISTRIBUTION, ETC.
Place of publication, distribution, etc. [Roma]
Name of publisher, distributor, etc. Editoriale romana
Date of publication, distribution, etc. [1945]
300 ## - PHYSICAL DESCRIPTION
Extent 191 p., 2 l. incl. front. (port.)
Dimensions 22 cm.
600 20 - SUBJECT ADDED ENTRY--PERSONAL NAME
Personal name Cordero Lanza de Montezemolo, Giuseppe,
Dates associated with a name 1901-1944.

No items available.

Powered by Koha